Loading...
| Science - Physics | 0 | 4 | 0 | 0 | 40 | 72 | 96.00 | 0 | 0 | 7.74 | 17.20 |
| Science - Biology | 0 | 4 | 1 | 0 | 35 | 33 | 68.50 | 1 | 2 | 14.98 | 22.42 |
| Science - Chemistry | 0 | 3 | 0 | 1 | 30 | 51 | 86.67 | 1 | 1 | 7.39 | 15.83 |
| Fine Arts - Painting and Sculpture | 0 | 3 | 0 | 0 | 30 | 94 | 99.33 | 0 | 0 | 5.18 | 6.74 |
| Science - Other | 0 | 3 | 1 | 1 | 25 | 41 | 77.67 | 0 | 1 | 9.59 | 13.33 |
| Literature - British | 0 | 2 | 0 | 1 | 20 | 131 | 138.00 | 0 | 0 | 0.51 | 2.65 |
| Geography | 0 | 2 | 0 | 2 | 20 | 124 | 127.50 | 0 | 0 | 0.00 | 12.88 |
| Social Science | 0 | 2 | 1 | 0 | 15 | 71 | 76.50 | 1 | 1 | 7.17 | 12.50 |
| Religion | 0 | 2 | 1 | 1 | 15 | 98 | 116.00 | 0 | 1 | 1.76 | 10.08 |
| History - American | 0 | 2 | 1 | 2 | 15 | 126 | 129.50 | 0 | 0 | 0.00 | 4.24 |
| Literature - World | 0 | 1 | 0 | 0 | 10 | 93 | 93.00 | 0 | 1 | 3.45 | 7.50 |
| Other Academic | 0 | 1 | 0 | 0 | 10 | 43 | 43.00 | 0 | 1 | 16.40 | 22.92 |
| History - Other | 0 | 1 | 0 | 0 | 10 | 117 | 117.00 | 0 | 0 | 0.00 | 0.91 |
| Literature - American | 0 | 1 | 0 | 0 | 10 | 135 | 135.00 | 0 | 0 | 0.63 | 2.50 |
| History - World | 0 | 1 | 0 | 1 | 10 | 142 | 142.00 | 0 | 0 | 0.00 | 0.83 |
| Fine Arts - Classical Music | 0 | 1 | 1 | 0 | 5 | 115 | 115.00 | 0 | 0 | 0.17 | 4.17 |
| Fine Arts - Other | 0 | 0 | 0 | 0 | 0 | 0.00 | 0 | 0 | 0.00 | 0.00 | |
| Popular Culture | 0 | 0 | 1 | 0 | -5 | 0.00 | 0 | 0 | 0.00 | 0.00 | |
| Literature - European | 0 | 0 | 1 | 0 | -5 | 0.00 | 0 | 0 | 0.00 | 0.00 |